| 000 | 00865nam a22002295i 4500 | ||
|---|---|---|---|
| 001 | 162136 | ||
| 003 | ES-MaACL | ||
| 005 | 20230906212434.0 | ||
| 008 | 020916s1898 fr |||| | fre d | ||
| 040 |
_aCCPB | B _bspa _cCCPB | B |
||
| 100 | 1 |
_aPillon, F. _9131161 |
|
| 245 | 1 | 3 |
_aLa philosophie de Charles Secrétan / _cpar F. Pillon. |
| 260 |
_aParis : _bancienne Librairie Germer Baillière et C\pie\s, Félix Alcan, éditeur, _c1898 ( _eCoulommiers : _fImp. Paul Brodard) |
||
| 300 |
_a197 p. ; _c18 cm. |
||
| 490 | 1 | _aBibliothèque de philosophie contemporaine | |
| 600 | 1 | 4 |
_aSecrétan, Charles ( _d1815-1895)- _xPensamiento filosófico. _9132615 |
| 752 |
_aFrancia - _dParís |
||
| 752 |
_aFrancia - _dCoulommiers |
||
| 830 | 0 |
_aBibliothèque de philosophie contemporaine _9181027 |
|
| 852 |
_aES-MaACL _jF-11707 _z-- Enc. hol. |
||
| 999 |
_c162136 _d162136 |
||